LDR 00937nam a2200217 i 4500 001 000000092170 003 CaOOAMICUS 005 20260401172052.0 008 020402s1963 xxk u000 u eng u 040 $aSeMil$bita 100 1 $aHornby, Albert Sidney.$0(OLS)http://semarc/name/41037 245 14$aThe advanced learner's dictionary of current English /$cby A. S. Hornby ... [et al.]. 250 $a2. edition. 264 1$aLondon :$bOxford University Press,$c1963. 300 $aXXXII, 1200 p. :$bill. ;$c19 cm. 650 4$aLingua inglese - Dizionari, vocabolari, glossari, etc.$0(OLS)http://semarc/subject/335 850 $aSeMil 852 $aSeMil$W1$xVenegono$y1$m1P I 60$j269577$B55080$CSeMilBibl$Z2$F59771 $81 996 $6245$aThe advanced learner's dictionary of current English$9(OLS)http://semarc/title/138326 996 $6264$aLondon :$bOxford University Press$9(OLS)http://semarc/publisher/31587